1533 1379 1140 1028 1018 1871 1407 1870 1126 1287 1386 1475 1253 1664 1818 1962 1665 1814 1357 1925 1620 1264 1502 1989 1737 1359 1333 1701 1516 1187 1468 1684 1489 1938 1339 1221 1659 1986 1619 1789 1251 1478 1983 1171 1544 1833 1507 1143 1014 1842 1945 1312 1548 1765 1273 1521 1703 1108 1177 1184 1637 1732 1533 1139 1958 1901 1043 1505 1512 1758 1824 1309 1278 1211 1697 1176 1412 1478 1785 1493 1599 1643 1607 1233 1418 1904 1270 1768 1631 1003 1374 1662 1088 1731 1759 1614 1617 2000 1406 BCNSPRNW ULIB Ver.6.0+V

เปลี่ยนเป็นภาษาไทย

Change to English
 แสดงรายละเอียดบรรณานุกรม
  กลับหน้าหลัก

Brief Record : Get Marc (ISO 2709) : E-mail record : QR code < ปิดหน้าต่าง
LEADER : 00000nam 2200000uu 4500
001    13399124312
003     ULIB
008    150308s2553||||th 000 0 tha d
020    ^a9786165511421
060 04 ^aWH310^bร921
100 0  ^aพลภัทร โรจน์นครินทร์
245 00 ^aโรคเลือดออกง่ายและหลอดเลือดอุดตันในเขตร้อน =^bTropical hemostasis and thrombosis /^cบรรณาธิการ, พลภัทร โรจน์นครินทร์
246    ^aTropical hemostasis and thrombosis
250    ^aพิมพ์ครั้งที่ 1
260    ^aกรุงเทพฯ :^bสาขาโลหิตวิทยา ภาควิชาอายุรศาสตร์ คณะแพทยศาสตร์ จุฬาลงกรณ์มหาวิทยาลัย,^c2553
300    ^a255 หน้า :^bภาพประกอบ ;^c26 ซม.
650  4 ^aการห้ามเลือด
650  4 ^aธร็อมโบซิส
650  4 ^aภาวะเลือดออก
650  4 ^aโลหิตวิทยา
700 0  ^aดารินทร์ ซอโสตถิกุล
700 0  ^aนภชาญ เอื้อประเสริฐ
710 2  ^aจุฬาลงกรณ์มหาวิทยาลัย. ^bคณะแพทยศาสตร์.^bภาควิชาอายุรศาสตร์. ^bสาขาโลหิตวิทยา
945    ^p450^l0^i039251
945    ^p450^l0^i039252
945    ^p450^l0^i039253
945    ^p450^l0^i039254
945    ^p450^l0^i039255
945    ^p450^l0^i039256
945    ^p450^l0^i039257
945    ^p450^l0^i039258
999    ^aทศพร เกษรทอง
รายการนี้ยังไม่มีแท็ก
คุณยังไม่ได้ล็อกอิน คุณสามารถมีกิจกรรมร่วมกับเว็บไซต์ได้ แต่ต้องล็อกอินก่อน ::
  ล็อกอิน

รายการสื่อสารสนเทศ

ลำดับที่ ประเภท เลขเรียก/บาร์โค้ด สถานที่ สถานะ
1. วิทยาศาสตร์การแพทย์ และสุขภาพ
หนังสือสำรอง
สถานะ=หนังสือสำรอง
WH310 ร921 ฉ.1 
  Barcode: 039251
ห้องสมุดวิทยาเขตสวรรค์ประชารักษ์
►ส่วนจัดเก็บหนังสือเก่า สปร
บนชั้น
  ขอยืม
2. วิทยาศาสตร์การแพทย์ และสุขภาพ
วิทยาศาสตร์การแพทย์ และสุขภาพ
WH310 ร921 ฉ.2 
  Barcode: 039252
ห้องสมุดวิทยาเขตสวรรค์ประชารักษ์
►ส่วนจัดเก็บหนังสือเก่า สปร
บนชั้น
  ขอยืม
3. วิทยาศาสตร์การแพทย์ และสุขภาพ
วิทยาศาสตร์การแพทย์ และสุขภาพ
WH310 ร921 ฉ.3 
  Barcode: 039253
ห้องสมุดวิทยาเขตสวรรค์ประชารักษ์
►ส่วนจัดเก็บหนังสือเก่า สปร
บนชั้น
  ขอยืม
4. วิทยาศาสตร์การแพทย์ และสุขภาพ
วิทยาศาสตร์การแพทย์ และสุขภาพ
WH310 ร921 ฉ.4 
  Barcode: 039254
ห้องสมุดวิทยาเขตสวรรค์ประชารักษ์
►ส่วนจัดเก็บหนังสือเก่า สปร
บนชั้น
  ขอยืม
5. วิทยาศาสตร์การแพทย์ และสุขภาพ
วิทยาศาสตร์การแพทย์ และสุขภาพ
WH310 ร921 ฉ.5 
  Barcode: 039255
ห้องสมุดวิทยาเขตสวรรค์ประชารักษ์
►ส่วนจัดเก็บหนังสือเก่า สปร
บนชั้น
  ขอยืม
6. วิทยาศาสตร์การแพทย์ และสุขภาพ
วิทยาศาสตร์การแพทย์ และสุขภาพ
WH310 ร921 ฉ.6 
  Barcode: 039256
ห้องสมุดวิทยาเขตสวรรค์ประชารักษ์
►ส่วนจัดเก็บหนังสือเก่า สปร
บนชั้น
  ขอยืม
7. วิทยาศาสตร์การแพทย์ และสุขภาพ
วิทยาศาสตร์การแพทย์ และสุขภาพ
WH310 ร921 ฉ.7 
  Barcode: 039257
ห้องสมุดวิทยาเขตสวรรค์ประชารักษ์
►ส่วนจัดเก็บหนังสือเก่า สปร
บนชั้น
  ขอยืม
8. วิทยาศาสตร์การแพทย์ และสุขภาพ
วิทยาศาสตร์การแพทย์ และสุขภาพ
WH310 ร921 ฉ.8 
  Barcode: 039258
ห้องสมุดวิทยาเขตสวรรค์ประชารักษ์
►ส่วนจัดเก็บหนังสือเก่า สปร
บนชั้น
  ขอยืม

รายการใกล้เคียง
    ผู้แต่ง [พลภัทร โรจน์นครินทร์]

    หัวเรื่อง [การห้ามเลือด]
    หัวเรื่อง [ธร็อมโบซิส]
    หัวเรื่อง [ภาวะเลือดออก]
    หัวเรื่อง [โลหิตวิทยา]

BibComment


ยังไม่เคยถูกคอมเมนท์

คอมเมนท์ทรัพยากรรายการนี้
  คอมเมนท์: โรคเลือดออกง่ายแ..


 Copyright 2026. Bcnsprnw @Library